000 00320nam a2200133Ia 4500
008 200103s9999||||xx |||||||||||||| ||und||
040 _aIMU-MPC
082 _aColumn-53
100 _aEvdokimov, F. E.
245 0 _aFundamentals of Electricity
260 _bMir Publishers, Moscow
_c1977
300 _a536
942 _cBK
999 _c10159
_d10159